000 00339nam a2200145Ia 4500
005 20251222152032.0
008 251222s9999||||xx |||||||||||||| ||spa||
020 _a8422639793
082 _a813.52/R85
100 _aRoth, Henry
245 0 _aLlámalo Sueño
250 _a1ra. ed.
264 _bCírculo de Lectores, S.A.
942 _cLIB
999 _c25711
_d25711